The dewey decimal system : a novel / Nathan Larson. (Record no. 20633)

000 -LEADER
fixed length control field 00388nam a22001337a 4500
020 ## - INTERNATIONAL STANDARD BOOK NUMBER
ISBN 9781617750106 (ebk)
082 ## - DEWEY DECIMAL CLASSIFICATION NUMBER
Classification number 813.6
Item number L3345 2011
100 ## - MAIN ENTRY--AUTHOR NAME
Personal name Larson, Nathan, author.
245 ## - TITLE STATEMENT
Title The dewey decimal system : a novel / Nathan Larson.
260 ## - PUBLICATION, DISTRIBUTION, ETC. (IMPRINT)
Place of publication New York :
Name of publisher Akashic Books,
Year of publication ©2011.
300 ## - PHYSICAL DESCRIPTION
Number of Pages 1 online resource
650 ## - SUBJECT ADDED ENTRY--TOPICAL TERM
Topical Term Public libraries -- Fiction.
942 ## - ADDED ENTRY ELEMENTS (KOHA)
Koha item type Electronic Books
Holdings
Source of acquisition Permanent Location Date acquired Collection code Koha item type Lost status Shelving location Withdrawn status Current Location Full call number
DonationCagayan State University - Carig Library2025-05-22E-BooksElectronic Books E-Resource Section Cagayan State University - Carig Library813.6 L3345 2011

Cagayan State University University Library, Carig Campus
Tuguegarao City, Cagayan 3500 | www.csucarig.edu.ph

Powered by Koha